Statistics for NBA Basketball Hall of Famers by Draft Class

Click here to take the quiz!

General Stats

  • This quiz has been taken 20 times
    (3 since last reset)
  • The average score is 21 of 32

Answer Stats

ClassAnswer% Correct
1996Allen Iverson | Ray Allen | Kobe Bryant | Steve Nash | Ben Wallace
100%
1974Bill Walton | Bobby Jones | Jamaal Wilkes | George Gervin
100%
2003Chris Bosh | Dwyane Wade
100%
1987David Robinson | Scottie Pippen | Reggie Miller | Sarunas Marciulionis
100%
1990Gary Payton | Toni Kukoc
100%
1984Hakeem Olajuwon | Michael Jordan | Charles Barkley | John Stockton
100%
1995Kevin Garnett
100%
1978Larry Bird | Maurice Cheeks | Michael Cooper
100%
1979Magic Johnson | Sidney Moncrief
100%
1985Patrick Ewing | Chris Mullin | Karl Malone | Joe Dumars
100%
2001Pau Gasol | Tony Parker
100%
1992Shaquille O'Neal | Alonzo Mourning
100%
1998Vince Carter | Dirk Nowitzki | Paul Pierce
100%
2002Yao Ming
100%
1976Adrian Dantley | Robert Parish | Alex English | Dennis Johnson
50%
1972Bob McAdoo | Paul Westphal | Julius Erving
50%
1993Chris Webber
50%
1975David Thompson
50%
1991Dikembe Mutombo
50%
1981Isiah Thomas
50%
1982James Worthy | Dominique Wilkins
50%
1994Jason Kidd | Grant Hill
50%
1980Kevin McHale
50%
1999Manu Ginobili
50%
1983Ralph Sampson | Clyde Drexler
50%
1997Tim Duncan | Chauncey Billups | Tracy McGrady
50%
1989Tim Hardaway | Vlade Divac | Dino Radja
50%
1977Walter Davis | Bernard King | Jack Sikma
50%
1986Arvydas Sabonis | Dennis Rodman | Drazen Petrovic
0%
1973George McGinnis
0%
1988Mitch Richmond
0%
1971Spencer Haywood | Artis Gilmore
0%

Score Distribution

Percentile by Number Answered

Percent of People with Each Score

Your Score History

You have not taken this quiz since the last reset